| 000 | 00923nam a22001937a 4500 | ||
|---|---|---|---|
| 999 |
_c60876 _d60876 |
||
| 005 | 20231113164451.0 | ||
| 008 | 231113s1977 ru ||||| |||| 00| 0 rus d | ||
| 041 | _arus | ||
| 080 | _a7 A-72 | ||
| 245 |
_aАнтичность. Средние века. Новое время : _bПроблемы искусства / _cАкад. наук СССР, Всесоюз. НИИ искусствознания министерства культуры СССР. |
||
| 264 |
_aМосква : _bНаука, _c1977. |
||
| 300 |
_a256 стр.: _bил.; _c22 см. |
||
| 653 | _aწიგნი მინიატურა | ||
| 653 | _aარქიტექტურა | ||
| 653 | _aფერწერა | ||
| 653 | _aკერამიკა | ||
| 710 |
_aАкад. наук СССР, Всесоюз. НИИ искусствознания министерства культуры СССР _920362 |
||
| 942 |
_2udc _cᲬᲘᲒᲜᲘ |
||